000 00836cam a2200229 4500
001 J271
008 090401t1991 xxu||||| |||| 00| 0 eng d
035 _a(Sirsi) u74180
041 _aeng
050 _a692.9
090 _aJCT 1991/7A
110 _aJoint Contracts Tribunal
_93664
245 4 _aThe Standard Form of Nominated Sub-contract Tender NSC/T and Articles of Nominated Sub-Contract Agreement 1991 edition... NSC/T: Part 3: particular conditions to be agreed by a contractor and a sub-contractor nominated under SF 80 clause 35.6...
260 _aLondon
_bRIBA Publications Ltd.
_c1991
300 _a4p. in pad of 15 forms ; 30cm.
350 _a0
650 _aJCT STANDARD FORM OF CONTRACT 1980
650 _aSUBCONTRACTS
690 _aBUILT ENVIRONMENT-BUILDING CONTRACT FORMS
942 _n0
948 _c04/03/1997
999 _c95781
_d95781